000 01949nam a2200361 i 4500
001 196886
003 ES-MaACL
005 20250727063151.0
008 250120q1890 spc|||||| 000 ||spa
035 _a(ES-BaCBU).b52952381
035 _a991044225619706706
040 _aES-BaBC
_bcat
_cES-BaBC
080 _a34.096
245 0 0 _aProcesos célebres de todos los países /
_cpublicados bajo la dirección de José Laribal
260 _aBarcelona :
_bSalvador Manero,
_c[ca. 1890]
300 _a1 volumen :
_bilustraciones ;
_c26 cm
336 _2rdacontent
_atexto
337 _2rdamedia
_asin mediación
338 _2rdacarrier
_avolumen
500 _aFecha tomada de Palau y BNE
500 _aCada obra con portada y paginación propias
505 0 _aDumollard: robo, violación, asesinato. Saint Geran: hijo reclamado por dos madres. D. Martín de Acuña: comendador de Santiago. Justina Lafitte: acusación de incesto, violación, parricidio. Quartier, Senot y consortes: monederos falsos. La viuda Husson y su hijo: envenenamiento. Lemoine: el niño carbonizado. La bella droguera: adulterio. Beniot: el parricida. Billon: máquina infernal de Senlís. Asesinato de la calle de La Aurora. Seductor sorprendido y muerto por el padre. Oposición al matrimonio de una menor estuprada. Juan Bautista Troppman: ocho asesinatos, falsificación y robo
530 _aDisponible en formato digital
597 _aPublicado en fascículos
650 4 _aProcesos
_916437
700 1 _9241399
_aLaribal, José,
_d1839-1904
_epbd
852 _aES-MaACL
_9204550
_cSPP3
_jG-16011
_xEncuadernación pasta española
_fEx-libris: "Mariano Tomás"
856 _uhttps://bdh-rd.bne.es/viewer.vm?id=0000206084&page=1
_yVersión en línea: 2 v.
_z(Biblioteca Digital Hispánica)
901 _9239478
_aTomás, Mariano,
_d1891-1957
_eAntiguo_posesor
942 _2udc
_cMONANT
_n0
999 _c196886
_d196886